000 01285nam a22002057a 4500
999 _c61902
_d61902
003 Ge_BSU
005 20240606114500.0
008 240606s1993 ge ||||| |||| 00| 0 geo d
041 _ageo
080 _a336.71(1-662) რ-73
100 _aროდე, ერვინ
_922337
245 _aბანკები, ბირჟები და სავალუტო ოპერაციები კაპიტალისტურ ქვეყნებში /
_cერვინ როდე; თარგმნა, წინასიტყვაობა დაურთო და რედაქცია გაუკეთა რამაზ ნამიჭეიშვილმა.
264 _aქუთაისი :
_bსარანგი,
_c1993.
300 _a436 გვ. ;
_b20 სმ.
653 _aბანკები კაპიტალისტურ ქვეყნებში
653 _aბირჟები კაპიტალისტურ ქვეყნებში
653 _aსავალუტო ოპერაციები კაპიტალისტურ ქვეყნებში
700 _aნამიჭეიშვილი, რამაზ
_eმთარგმნელი
_9700
942 _2udc
_cᲬᲘᲒᲜᲘ